Brod. 36°45° /
| Korporativní autor: | Rakousko-Uhersko. Militärgeographisches Institut |
|---|---|
| Další autoři: | Niesner, Karl, Triltsch, K., Kotrtsch |
| Jazyk: | Chorvatština Němčina Bosenština |
| Vydáno: |
[Wien] : K.u.k. Militärgeographisches Institut, 1914 |
| Edice: |
Třetí vojenské mapování 1:200 000 ;
3645, 1914 General-Karte von Mittel-Europa im Masse 1:200 000 ; 3645, 1914 |
| Témata: | |
| Externí odkaz: |
Digitalizovaný dokument
|
| Fyzický popis: |
1 mapa : barevná ; 56 x 40 cm, na listu 65 x 47 cm |
| LEADER | 02511nem a2200577 i 4500 | ||
|---|---|---|---|
| 001 | 001476286 | ||
| 003 | CZ BrMZK | ||
| 005 | 20210114103212.0 | ||
| 007 | aj|canzn | ||
| 008 | 150619s1914 xr |||||||a|||||0|||ger|d | ||
| 034 | 1 | |a a |b 200000 |d E0175000 |e E0185000 |f N0453000 |g N0443000 | |
| 040 | |a BOA001 |b cze |e rda | ||
| 041 | 0 | |a ger |a scr |a bos | |
| 043 | |a e-ci--- |a e-bn--- |2 czenas | ||
| 072 | 7 | |a 623 |x Vojenská technika |2 Konspekt |9 19 | |
| 072 | 7 | |a 912 |x Mapy. Atlasy. Glóby |2 Konspekt |9 7 | |
| 080 | |a 623.64 |2 MRF | ||
| 080 | |a 913(497.5) |2 MRF | ||
| 080 | |a (084.3)528.42 |2 MRF | ||
| 080 | |a (084.3)355/359 |2 MRF | ||
| 110 | 1 | |a Rakousko-Uhersko. |b Militärgeographisches Institut |7 kn20060405003 |4 pbl |4 pbl | |
| 245 | 1 | 0 | |a Brod. |p 36°45° / |c K.u.k. Militärgeographisches Institut ; Geripp: Feldw. K. Niesser u. K. Triltsch ; Terrain: Offiz. F. Kotrtsch |
| 246 | 3 | |a 3645 | |
| 246 | 3 | 0 | |a 36°45° |
| 255 | |a Měřítko 1:200 000 |c (E 017°50'00"--E 018°50'00"/N 045°30'00"--N 044°30'00") | ||
| 264 | 1 | |a [Wien] : |b K.u.k. Militärgeographisches Institut, |c 1914 | |
| 300 | |a 1 mapa : |b barevná ; |c 56 x 40 cm, na listu 65 x 47 cm | ||
| 336 | |a kartografický obraz |b cri |2 rdacontent | ||
| 337 | |a bez média |b n |2 rdamedia | ||
| 338 | |a list |b nb |2 rdacarrier | ||
| 490 | 1 | |a [Die Franzisco-Josephinische Landesaufnahme 1:200 000] ; |v 3645, 1914 | |
| 490 | 1 | |a [General-Karte von Mittel-Europa im Masse 1:200 000] ; |v 3645, 1914 | |
| 500 | |a Čtyřbarevný otisk | ||
| 500 | |a Další údaje o vydání: Teilweise berichtigt bis 18. V. 1914 | ||
| 500 | |a V pravém dolním okraji natištěno číslo "8" | ||
| 500 | |a Při dolním okraji natištěno číslo "1914" | ||
| 500 | |a Údaj o předloze: Nach Spezialkarte 1883 bis 1890 | ||
| 562 | |a Razítko: Státní sbírka mapová Republiky československé |5 CZ-BrMZK | ||
| 650 | 7 | |a vojenská topografie |7 ph316247 |2 czenas | |
| 651 | 7 | |a Slavonski Brod (Chorvatsko : oblast) |7 ge516044 |2 czenas | |
| 655 | 7 | |a topografické mapy |7 fd809173 |2 czenas | |
| 655 | 7 | |a vojenské mapy |7 fd133817 |2 czenas | |
| 700 | 1 | |a Niesner, Karl |4 ctg | |
| 700 | 1 | |a Triltsch, K. |4 ctg | |
| 700 | 1 | |a Kotrtsch |7 mub20201065996 |4 ctg | |
| 830 | 0 | |a Třetí vojenské mapování 1:200 000 ; |v 3645, 1914 | |
| 830 | 0 | |a General-Karte von Mittel-Europa im Masse 1:200 000 ; |v 3645, 1914 | |
| 856 | 4 | 1 | |u http://www.digitalniknihovna.cz/mzk/uuid/uuid:d1cd6225-5941-438f-ac3f-3d0abefbe740 |y Digitalizovaný dokument |
| 910 | |a BOA001 |b Mpa-0070.776,3645-14 | ||
| 990 | |a MP | ||
| 991 | |b 201506 | ||
English
Čeština 